000 00353nam a22001577a 4500
003 MACL
005 20151216140600.0
008 151216b xxu||||| |||| 00| 0 eng d
040 _cMACL
041 _aEnglish
082 _a030
100 _aRussellash
_920394
245 _aTOP10 OF Everything 2011
650 _aEncyclopedia
_9357
942 _2ddc
_cBK
999 _c51554
_d51554